Actas del Cabildo de Santiago: Tomo XV, 1655 a 1659

שמור ב:
מידע ביבליוגרפי
מחבר תאגידי: Cabildo de Santiago (Author)
פורמט: ספר
שפה:ספרדית
יצא לאור: Santiago Imprenta Elzeviriana 1908
מהדורה:1a. ed
סדרה:Colección de Historiadores de Chile y de Documentos relativos a la Historia Nacional, XXXV
נושאים:
תגים: הוספת תג
אין תגיות, היה/י הראשונ/ה לתייג את הרשומה!

MARC

LEADER 00000nam a2200000 a 4500
001 UCJ4451
003 CL-VaPUC
008 070124e19080000CL |||||||||||||||||spa|d
082 0 4 |a 983  |b CAB  |2 21 
110 2 |a Cabildo de Santiago  |e author  |9 508168 
245 1 0 |a Actas del Cabildo de Santiago: Tomo XV, 1655 a 1659 
250 |a 1a. ed 
300 |a 538 p 
942 |c BK 
945 |d 20070124 00:00:00  |a rinostro 
260 |a Santiago  |b Imprenta Elzeviriana  |c 1908 
650 0 |a Historia de Chile  |9 265473 
650 7 |a DOCUMENTOS  |2 CL-VaPUC  |9 366450 
650 7 |a FUENTES  |2 CL-VaPUC  |9 255666 
650 0 |a Administración colonial   |9 508204 
650 0 |a Comercio  |9 255341 
650 0 |a Salud pública  |9 258913 
650 0 |a Obras públicas  |9 261125 
650 0 |a Justicia   |9 255408 
651 0 |a Santiago  |9 265444 
651 0 |a Concepción  |9 254982 
583 |a last modification  |c 20070124 00:00:00  |k Rodrigo Vera 
490 0 |a Colección de Historiadores de Chile y de Documentos relativos a la Historia Nacional, XXXV 
999 |c 320567  |d 320565 
952 |0 0  |1 0  |4 0  |6 983_000000000000000_CAB_1908  |7 0  |8 X  |9 399113  |a FDOBUD  |b FDOBUD  |d 2019-11-22  |i 1000349  |o 983 CAB 1908  |p 1000349  |r 2019-11-22  |w 2019-11-22  |y BK_X  |k BUD